Terraced house prices climb £118 a week over the past decade (Record no. 83427)
[ view plain ]
| 000 -LEADER | |
|---|---|
| fixed length control field | 01031cad a22002055a 4500 |
| 001 - CONTROL NUMBER | |
| control field | L153955 |
| 008 - FIXED-LENGTH DATA ELEMENTS--GENERAL INFORMATION | |
| fixed length control field | 110927e20110927xxk 000 0 eng d |
| 035 ## - SYSTEM CONTROL NUMBER | |
| System control number | (Sirsi) u153955 |
| 041 0# - LANGUAGE CODE | |
| Language code of text/sound track or separate title | eng |
| 110 2# - MAIN ENTRY--CORPORATE NAME | |
| Corporate name or jurisdiction name as entry element | Halifax |
| 9 (RLIN) | 5942 |
| 245 00 - TITLE STATEMENT | |
| Title | Terraced house prices climb £118 a week over the past decade |
| Medium | [electronic resource] |
| 260 ## - PUBLICATION, DISTRIBUTION, ETC. | |
| Date of publication, distribution, etc. | 2011 |
| 490 ## - SERIES STATEMENT | |
| Series statement | Halifax Press Release |
| Volume/sequential designation | 27 September 2011 |
| 520 ## - SUMMARY, ETC. | |
| Summary, etc. | Halifax Property Type Review which tracks price and sales movements by property type across the UK over the past ten years has found average price of terraced homes has risen by more than any category of residential property. Lists average house prices by type and property sales by buyer and property type. |
| 590 ## - LOCAL NOTE (RLIN) | |
| Local note | KA NTK |
| 651 #4 - SUBJECT ADDED ENTRY--GEOGRAPHIC NAME | |
| Geographic name | United Kingdom |
| Chronological subdivision | |
| 690 ## - LOCAL SUBJECT ADDED ENTRY--TOPICAL TERM (OCLC, RLIN) | |
| Topical term or geographic name as entry element | PROPERTY-RESIDENTIAL PROPERTY-RESIDENTIAL PROPERTY MARKETs |
| 856 40 - ELECTRONIC LOCATION AND ACCESS | |
| Uniform Resource Identifier | <a href="https://www.lloydsbankinggroup.com/media/pdfs/halifax/2011/270911_Terraced_house_prices.pdf">https://www.lloydsbankinggroup.com/media/pdfs/halifax/2011/270911_Terraced_house_prices.pdf</a> |
| Public note | View this item free of charge at www.lloydsbankinggroup.com |
| 942 ## - ADDED ENTRY ELEMENTS (KOHA) | |
| Suppress in OPAC | 0 |
| Withdrawn status | Lost status | Source of classification or shelving scheme | Damaged status | Not for loan | Home library | Current library | Shelving location | Date acquired | Total Checkouts | Full call number | Barcode | Date last seen | Copy number | Price effective from | Koha item type |
|---|---|---|---|---|---|---|---|---|---|---|---|---|---|---|---|
| Dewey Decimal Classification | Virtual | Virtual | Online | 27/09/2011 | ONLINE PUBLICATION | 153955-2001 | 06/08/2019 | 1 | 06/08/2019 | Journal article |